Random English words for me to practice and learn part III - Statistics

Estatísticas Gerais
  • Esse quiz foi jogado 69 vezes
  • A pontuação média é 28 de 182
Estatísticas das Respostas
Hint Resposta % Correto
Into Em | Para | No | Na
83%
Auntie Tia | Titia
75%
Nephew Sobrinho
71%
Step Passo | Etapa | Degrau | Escalão
54%
Pace Ritmo | Velocidade | Passo | Cadência
54%
Undo Anular | Desfazer | Desfaça
50%
Cucumber Pepino
50%
Got it Entendi | Já está
46%
Case Estojo | Processo | Caso | Mala
46%
Panic Pânico
46%
Cuz Porque | Pois | Primo | Prima
46%
Introduction Apresentação | Introdução
42%
Grace Graça | A graça | Graciosidade
42%
Annoying Irritante | Incómodo | Incómoda | Incómodas
42%
Joy Alegria | Prazer | Felicidade | Gozo
38%
Erase Apagar | Eliminar | Apagamento
38%
Behavior Comportamento | Comportamental | Comportamentos
38%
Selfish Egoísta | Egocêntrico | Egoístas
38%
Even Mesmo | Até | Ainda | Até mesmo
38%
Also Também | Igualmente
38%
Keyboard Teclado
38%
Tap Toque | Tocar | Bater | Torneira
38%
Build up Acumular | Construir | Desenvolver | Aumentar
33%
Blame Culpa | Culpar | Culpas
33%
Skinny Magro | Magra | Magricela | Magrinho
33%
Grave Túmulo | Cova | Grave | Sepultura
33%
Below Abaixo | Inferior | Em baixo | Abaixo de
29%
Pal Amigo | Companheiro | Colega
29%
Slap Bofetada | Tapa | Estalo | Bofetadas
29%
Heat Calor | Aquecimento | Aquecer | Térmica
29%
Leaf Folha | Folhagem | Folhas
29%
Spend Gastar | Gasto | Gastos
29%
Gang Grupo | Bando | Quadrilha | Gangue
29%
Halfway Meio caminho | Meio-Termo | Metade do caminho
29%
Dunno Não sei | Sei lá | Não sabe
29%
Flat Plano | Plana | Liso | Planas
29%
Candle Vela | Velas
29%
Increase Aumentar | Aumento | Incremento
25%
Ribs Costelas | Costeletas | Nervuras
25%
Toe Dedo do pé | Dedão do pé | Biqueira
25%
Shift Deslocação | Mudança | Deslocamento | Turno
25%
Meet up Encontrar-se | Encontro | Encontrar
25%
Poping Estourar | Estalar | Estalo | Estalando
25%
Bother Incómodo | Incomodar | Aborrecimento | Incómodos
25%
Flood Inundação | Inundar | Enchente | Inundações
25%
Thot Puta | Vadia
25%
Kidnapped Raptado | Sequestrado | Raptados | Raptada
25%
Blow Sopro | Soprar | Assoprar | Golpe
25%
Such Tal | Tais | Como
25%
Beyond Além | Para além | Pala lá | Para além de
21%
Advance Avanço | Adiantamento | Antecedência
21%
Rubber Borracha
21%
Instead Em vez disso | Pelo contrário | Em vez de | Ao invés
21%
Burst Estourar | Rebentar | Explosão
21%
Is there Existe | Está lá
21%
Wire Fio | Arame | Cabo
21%
Jam Geleia | Geléia
21%
Grain Grãos | Grão | Cereal | Cereais
21%
Fog Nevoeiro | Neblina | Névoa
21%
Yard Quintal | Pátio | Jardim
21%
We ran out Acabou-se | Acabámos | Ficámos sem | Ficámos sem nada
17%
Foward Adiante | Em frente | Avançar | Vanguarda
17%
Corpse Cadáver | Corpo | Cadáveres
17%
Path Caminho | Trajetória | Percurso | Trajeto
17%
Waist Cintura
17%
Waste Desperdício | Lixo | Resíduos | Detritos
17%
Gave Deu | Dado | Deram | Dada
17%
Inhale Inalar | Inspirar | Inalação
17%
Along Junto | Ao longo | Ao longo do | Ao longo de
17%
Stocking Meia | Estocagem | Armazenamento
17%
Currency Moeda | Monetário | Monetária
17%
Stuffing Recheio | Empalhamento | Enchimento
17%
It's not even over yet Ainda não acabou | Ainda nem sequer acabou | Ainda nem sequer terminou
13%
Reached Alcançado | Alcançada | Atingido | Alcançados
13%
Attach Anexar | Prender | Fixar | Ligar
13%
Clay Argila | Barro
13%
Feature Característica | Recurso | Elemento | Funcionalidade
13%
Rating Classificação | Notação | Avaliação
13%
Thang Coisa | Algo | Bichinho | Coisinha
13%
Boiled Cozido | Fervido | Cozida | Cozidos
13%
Stroke Derrame | AVC
13%
Rubs Esfrega | Esfregões | Fricções
13%
Spoiling Estragar | Mimar | Estraga-Prazeres
13%
Spark Faísca | Faiscar | Fagulha | Centelha
13%
Stay tuned Ficar atento | Fique atento
13%
Humble Humilde | Modesto | Humildes | Humildade
13%
Beggin Implorar | Implorando | Mendigar | Mendigando
13%
Wide Largo | Amplo | Ampla | Alargado
13%
Kept Mantido | Mantida | Mantidos | Guardado
13%
Aim Objetivo | Finalidade | Visar
13%
Puddle Poça | Poça de água | Poça d'água
13%
Prep Preparação | Preparar | Preparatório | Preparatória
13%
Depht Profundamente | Depósito | Profundidade
13%
Gather Reunir | Juntar | Recolher | Reunir-Se
13%
Web Teia | Rede
13%
Become Tornar-Se | Tornar | Passa a ser | Tornam-Se
13%
Hosts Anfitriões | Hospedeiros | Hospedeiras
8%
Dragging Arrastamento | Arrastando | Arrastar | Arrasto
8%
Pumping Bombear | Bombagem | Bombeamento
8%
Pottery Cerâmica | Cerâmicas
8%
I gave you Dei-Te | Eu Dei-Te | Dei-Lhe | Eu Dei-Lhe
8%
Chill Frio | Arrepio | Calafrio | Relaxar
8%
Plump Gordo | Gordinho | Rechonchudo
8%
Alike Igual | Semelhante | Iguais | Semelhantes
8%
Swollen Inchado | Inchada | Inchados | Inchadas
8%
I wonder Me pergunto | Pertunto-Me
8%
Hone Pedra | Afiar | Tonificar | Aprimorar
8%
Sudden Repentino | Súbito | Repentina | Súbita
8%
Ceiling Teto | Limite
8%
Tranny Transexual | Trans | Transa
8%
A peaceful one Um pacífico | Uma paz
8%
Crotch Virilha | Entre as pernas | Virilhas | Entrepernas
8%
Features Apresenta
4%
Drooling Baba | Babar | Babando | Babado
4%
TIring Cansativo | Cansativa | Estafante | Fatigante
4%
Get there Chegar lá | Lá chegar | Ir até lá
4%
Goddamn right Com certeza | Com toda razão | Com toda certeza
4%
Designed Concebido | Projetado | Concebida Condebidos
4%
Mare Égua | Éguas
4%
Riddle Enigma | Adivinha | Charada | Adivinhação
4%
Get on Entrar | Entrar em | Entrar em ação
4%
Spree Farra | Onda | Maré | Maratona
4%
Did you Fez
4%
Token Ficha | Token | Símbolo | Simbólico
4%
Bunch Grupo | Bando | Conjunto
4%
Sideway Lateral | Desvio | Desviado
4%
Sting Picada | Ferrão | Ferroada | Aguilhão
4%
Hoe Piranha | Enxada
4%
Foreskin Prepúcio
4%
Teasing Provocação | Provocar | Provocador | Provocações
4%
Back up Recuar | Voltar atrás | Voltar para cima
4%
Settle Resolver | Acordo | Estabelecer
4%
Tougher Tagarela | Mais duro | Mais grosseiro | Mais grosso
4%
As much Tanto | Tanto quanto
4%
Overuse Uso excessivo | Utilização excessiva | Utilização abusiva
4%
Wiling Vontade | Desejoso | Disposto | Com vontade
4%
Cellar Adega
0%
Wide rangue Ampla gama | Gama ampla
0%
Eager Ansioso | Ansiosa | Ansiosos
0%
Mugging Assalto | Roubo | Assaltar | Assaltos
0%
Asset Ativo | Património
0%
Cheeky Atrevido | Atrevida | Travesso | Descarado | Insolente
0%
Rock my hips Balançar meus quadris
0%
Bladder Bexiga | Vesícula
0%
Whip Chicote | Chicotear
0%
Wriggling Contorcer-Se | Contorção | Contorcido | Contorcendo-Se
0%
Indeed De fato | Efetivamente | Realmente | Com efeito
0%
Rogue Desonesto | Malandro | Trapaceiro | Desonestos
0%
Despise Desprezar | Menosprezar | Desdenhar | Desprezo
0%
Though Embora | No entanto | Ainda que | Apesar de
0%
Amends Emendas | Alterações | Correcções
0%
Hooked Engachando | Fisgado | Engachanda | Enganchados
0%
Scumb Escória | Canalha | Ralé
0%
I'll scout ahead Eu vou à frente | Vou à frente | Eu vou escoutar à frente
0%
Overdoing it Exagerar | Exagero | Exagerando
0%
Wunderbar Fantástico | Incrível | Espetacular | Maravilhoso
0%
Get this done Fazer isto | Fazer isso
0%
Greedy Ganancioso | Guloso | Avarento
0%
Unlawfull Ilegal | Ilítico | Ilegítimo | Ilegais
0%
Soaking Imersão | Encharcamento
0%
Swelling Inchaço | Inchação | Dilatação |
0%
Lawbreaker Infrator da lei | Violador da lei | Transgressor da lei
0%
Gullible Ingénuo | Crédulo | Ingénua | Crédula
0%
Gushing Jorrar | Jorrando
0%
Slud Lama | Lodo | Lamas
0%
Slight Leve | Ligeiro | Ligeira | Ligeiras
0%
Batter Lutador | Batedor | Combatente | Batalhador
0%
Lumbering Madeireiro | Madeireira | Serração
0%
I can’t quite make out Não consigo perceber bem | Não consigo perceber | Não consigo perceber muito bem
0%
Compeling Obrigatório | Obrigatórias | Forçoso
0%
What are you up to O que anda a fazer | O que anda fazendo | O que andas a fazer | O que andam a fazer
0%
Drilling Perfuração | Furação
0%
Bearer Portador | Portadora | Portadores
0%
Undermine Prejudicar | Enfraquecer | Comprometer
0%
Bulge Protuberância | Saliência
0%
Oars Remos | Remar | Remadores
0%
Stiff Rígido | Rígida | Rìgidos | Rígidas
0%
Splatting Salpicar | Salpicado | Salpico |
0%
Scrap Sucata | Resíduos | Refugo
0%
Outbreak Surto | Epidemia | Erupção
0%
Try and keep up Tentar acompanhar | Tentar manter o ritmo | Tentar Manter-Se atualizado | Tentar Manter-Se
0%
Upright Vertical | Em pé | Direto
0%
Nenhum quiz correspondente encontrado
Distribuição das Pontuações
Porcentagem de Pessoas com Cada Pontuação
Percentil de Números Respondidos
Sua Pontuação Histórica
Você não jogou esse quiz